Apache server Administrator handbook (Record no. 1907)

MARC details
000 -LEADER
fixed length control field 00352nam a2200145Ia 4500
008 - FIXED-LENGTH DATA ELEMENTS--GENERAL INFORMATION
fixed length control field 230312s9999||||xx |||||||||||||| ||und||
020 ## - INTERNATIONAL STANDARD BOOK NUMBER
International Standard Book Number 0-7645-3306-1
082 ## - DEWEY DECIMAL CLASSIFICATION NUMBER
Classification number 005.133
Item number KAB-A
100 ## - MAIN ENTRY--PERSONAL NAME
Personal name Kabir;Mohammad
245 #0 - TITLE STATEMENT
Title Apache server Administrator handbook
260 ## - PUBLICATION, DISTRIBUTION, ETC.
Name of publisher, distributor, etc. Mcgrawhill
Place of publication, distribution, etc. UK
Date of publication, distribution, etc. 1999
300 ## - PHYSICAL DESCRIPTION
Extent 547
650 ## - SUBJECT ADDED ENTRY--TOPICAL TERM
Topical term or geographic name entry element Computer
942 ## - ADDED ENTRY ELEMENTS (KOHA)
Koha item type BOOK

No items available.

Powered by Koha